| 000 | 01137nas a2200325 i 4500 | ||
|---|---|---|---|
| 001 | 907 | ||
| 003 | ES-MaACL | ||
| 005 | 20250908233559.0 | ||
| 007 | t| | ||
| 008 | 950801d19101995sp m|yp | ||pa d | ||
| 022 | _a1135-4453 | ||
| 080 | _a7 | ||
| 245 | 0 | 0 |
_aGaceta de bellas artes _b: revista quincenal ilustrada : órgano de la Asociación de Pintores y Escultores. |
| 246 | 3 | _aBellas artes | |
| 260 |
_aMadrid : _bAsociación de Pintores y Escultores, _c[1910-1995] |
||
| 300 |
_a14 v. : _bil. ; _c31 cm. |
||
| 310 | _aMensual | ||
| 321 |
_aSemanal, _b1909-31 |
||
| 362 | 1 | _aAño 1 (1910)-año 12, n. 164 (15 marzo 1921) | |
| 500 | _aNo se publicó enero-abril de 1931. | ||
| 550 | _aPosteriormente el editor se denomina: Asociación Española de Pintores y Escultores. | ||
| 650 | 1 | 7 |
_aArte _2embne _910068 |
| 700 | 1 |
_aMoisés, Julio, _d1888-1968 _9174417 |
|
| 700 | 1 |
_aEstévez-Ortega, Enrique. _948167 |
|
| 710 | 2 |
_aAsociación de Pintores y Escultores _91626 |
|
| 710 | 2 |
_aAsociación Española de Pintores y Escultores _9159499 |
|
| 852 |
_aES-MaACL _jHem-481 |
||
| 866 | 0 | _o1923-35(1936). | |
| 999 |
_c907 _d907 |
||